Path dependence and the evolution of city regional economies (Record no. 108236)

MARC details
000 -LEADER
fixed length control field 01396cam a22003255a 4500
001 - CONTROL NUMBER
control field L143628
008 - FIXED-LENGTH DATA ELEMENTS--GENERAL INFORMATION
fixed length control field 080702e20070911xxk df s 000 0 eng d
020 ## - INTERNATIONAL STANDARD BOOK NUMBER
International Standard Book Number 0863422403
035 ## - SYSTEM CONTROL NUMBER
System control number (Sirsi) u143628
041 0# - LANGUAGE CODE
Language code of text/sound track or separate title eng
050 04 - LIBRARY OF CONGRESS CALL NUMBER
Classification number 711.52 $2 18
100 1# - MAIN ENTRY--PERSONAL NAME
Personal name Simmie, James
245 00 - TITLE STATEMENT
Title Path dependence and the evolution of city regional economies
260 ## - PUBLICATION, DISTRIBUTION, ETC.
Place of publication, distribution, etc. Oxford
Date of publication, distribution, etc. 2007
300 ## - PHYSICAL DESCRIPTION
Extent v, 110p.
Other physical details ill.
Dimensions 30cm.
505 2# - FORMATTED CONTENTS NOTE
Formatted contents note Path dependence, local innovation systems and absorptive capacity -- The relevance of path dependence for the evolution of city regional economies -- Path creation, path dependence and regional development -- New path creation and the city-region economy: some conceptual issues and an exploratory analysis -- Path creation in city regional economies: the case of the computer and video game industry in Seoul -- Absorptive capacity and innovation outcomes in GB businesses: initial findings
520 ## - SUMMARY, ETC.
Summary, etc. Looks at path dependence and how it affects the development of city regional economies.
521 ## - TARGET AUDIENCE NOTE
Target audience note Advanced
651 #4 - SUBJECT ADDED ENTRY--GEOGRAPHIC NAME
Geographic name United Kingdom
Chronological subdivision
651 #4 - SUBJECT ADDED ENTRY--GEOGRAPHIC NAME
Geographic name International
690 ## - LOCAL SUBJECT ADDED ENTRY--TOPICAL TERM (OCLC, RLIN)
Topical term or geographic name as entry element Planning and development
9 (RLIN) 6259
700 1# - ADDED ENTRY--PERSONAL NAME
Personal name Carpenter, Juliet
700 1# - ADDED ENTRY--PERSONAL NAME
Personal name Boschma, Ron
700 1# - ADDED ENTRY--PERSONAL NAME
Personal name Chadwick, Andrew
700 1# - ADDED ENTRY--PERSONAL NAME
Personal name Garretsen, Harry
700 1# - ADDED ENTRY--PERSONAL NAME
Personal name Hassink, Robert
700 1# - ADDED ENTRY--PERSONAL NAME
Personal name Martin, Ron
700 1# - ADDED ENTRY--PERSONAL NAME
Personal name Sunley, Peter
942 ## - ADDED ENTRY ELEMENTS (KOHA)
Suppress in OPAC 0
Holdings
Withdrawn status Lost status Source of classification or shelving scheme Damaged status Not for loan Home library Current library Shelving location Date acquired Total Checkouts Full call number Barcode Date last seen Copy number Price effective from Koha item type
    Dewey Decimal Classification     London London Folio 21/05/2008   F711.52 SIM 30074718 06/08/2019 1 06/08/2019 Book